header

COMPEL (Record no. 153266)

MARC details
000 -LEADER
fixed length control field 01516nam a2200325Ia 4500
245 00 - TITLE STATEMENT
Title COMPEL
260 ## - PUBLICATION, DISTRIBUTION, ETC. (IMPRINT)
Place of publication [Bradford, England] :
Name of publisher Emerald,
Year of publication 2008.
300 ## - PHYSICAL DESCRIPTION
Number of Pages p. 332-566 :
Other physical details ill., ports.
490 0# - SERIES STATEMENT
Series statement COMPEL ;
500 ## - GENERAL NOTE
General note "This issue has a special section containing Selected papers from the International Conference on Heating by Electromagnetic sources."
650 #0 - SUBJECT ADDED ENTRY--TOPICAL TERM
Topical Term Electrical engineering
Topical Term Electronics
700 1# - ADDED ENTRY--PERSONAL NAME
Personal name Lupi, Sergio.
Personal name Dughiero, Febrizio.
Personal name Baake, Egbert.
856 40 - ELECTRONIC LOCATION AND ACCESS
Uniform Resource Identifier http://site.ebrary.com/lib/rucke/Doc?id=10229736

No items available.

© 2026 Rongo University
Contact us: librarian | system librarian | Rongo university